00291pab a2200121 454500008004000000100001900040245002800059260000900087300001300096362000800109650002600117773002600143180718b1998 xxu||||| |||| 00| 0 eng d aGarner, Robert aDefending animal rights c1998 ap.458-69 aJul aWildlife conservation aParliamentary Affairs